Rozvod manželstva v československom práve /

Hlavní autor: Planková, Olga
Jazyk: Čeština
Vydáno: Bratislava : Osveta, 1964
Vydání: 1. vyd.
Témata:
Fyzický popis: 204 s.
Knihy
Uloženo v:
LEADER 00769nam a22002292a 4500
001 000158882
003 CZ BrMZK
005 20140317102441.0
007 ta
008 010907s1964 xo f cze d
040 |a BOA001  |b cze 
100 1 |a Planková, Olga  |7 jn20010309718  |4 aut 
245 1 0 |a Rozvod manželstva v československom práve /  |c Oľga Planková 
250 |a 1. vyd. 
260 |a Bratislava :  |b Osveta,  |c 1964 
300 |a 204 s. 
910 |a BOA001  |b PK-0038.638  |b 2-0530.749 
920 |a 000308160 
964 |a Rozvody - hledisko právní - pojednání 
990 |a BK 
996 6 |b 2619835383  |c 2-0530.749  |l HP2  |r DEN  |n 8  |w 000158882  |u 000020  |a 1  |e BOA001  |j MZK50  |s P 
996 7 |b 3119950577  |c PK-0038.638  |l MZK  |r Sklad / do 1 hodiny  |n 3  |w 000158882  |u 000010  |a 1  |e BOA001  |j MZK50  |s A